Statistical Handbook of Agriculture and Food Industry (Record no. 6603)

MARC details
000 -LEADER
fixed length control field 00418nas a22001817i 4500
001 - CONTROL NUMBER
control field 7790
003 - CONTROL NUMBER IDENTIFIER
control field OSt
005 - DATE AND TIME OF LATEST TRANSACTION
control field 20181107145742.0
007 - PHYSICAL DESCRIPTION FIXED FIELD--GENERAL INFORMATION
fixed length control field tu
008 - FIXED-LENGTH DATA ELEMENTS--GENERAL INFORMATION
fixed length control field 161220d19951996xxu||||| |||| 00| 0 eng d
024 7# - OTHER STANDARD IDENTIFIER
Standard number or code 7790
Source of number or code RID
040 ## - CATALOGING SOURCE
Transcribing agency OSt
110 2# - MAIN ENTRY--CORPORATE NAME
Corporate name or jurisdiction name as entry element Hungary Central Statistical Office
245 00 - TITLE STATEMENT
Title Statistical Handbook of Agriculture and Food Industry
260 ## - PUBLICATION, DISTRIBUTION, ETC.
Place of publication, distribution, etc. Hungary.
651 ## - SUBJECT ADDED ENTRY--GEOGRAPHIC NAME
Geographic name Hungary
942 ## - ADDED ENTRY ELEMENTS (KOHA)
Koha item type Statistics
Holdings
Withdrawn status Lost status Damaged status Not for loan Home library Current library Shelving location Date acquired Inventory number Total Checkouts Barcode Date last seen Price effective from Koha item type
        WIIW WIIW Library 08/07/2008 7790   10003750 01/26/2017 01/26/2017 Statistics
The Vienna Instiute for International Economic Studies (wiiw)